Harry potter quiz Stats

 Plays Quiz not verified by Sporcle

Score 0/12 Timer 10:00
0 Plays Today
Hint Answer % Correct
what is unusual about Remus Lupin?he is a werewolf
98.5%
what does McGonagall transfigure into?a cat
97%
who pretends to be Mad Eye Moody?Barty Crouch jr
95.5%
who is the half blood prince?Severus Snape
95.5%
which muggle does Harry save from dementors?Dudley
93.9%
who is the eldest Weasly childBill
93.9%
what is the title of book 5?Order of the Phoenix
92.4%
what job do both of Hermione's parents have?Dentists
92.4%
Who kills BellatrixMolly Weasley
92.4%
what is used to destroy the first horcrux?basilisk fang
83.3%
what spell was in the half-blood prince's potions book?sectumsempra
81.8%
who plays Sirius Black?Gary Oldman
77.3%

You're not logged in!

Compare scores with friends on all Sporcle quizzes.
OR
Log In

Sporcle TV

Today on Sporcle TV


Watch our educational content, quiz creation guides, and fun videos on Sporcle TV.

Show Comments

Extras

Top Quizzes Today


Score Distribution

Your Account Isn't Verified!

In order to create a playlist on Sporcle, you need to verify the email address you used during registration. Go to your Sporcle Settings to finish the process.

Report this User

Report this user for behavior that violates our Community Guidelines.

Details: